Japońskie Marki Samochodów - Statystyki

Ogólne statystyki
  • Ten quiz został rozwiązany 72 razy
  • Średni wynik to 10 z 14
Statystyki odpowiedzi
Obrazkowy Odpowiedź % Poprawnych
Lexus
97%
Mazda
97%
Suzuki
94%
Nissan
92%
Honda
90%
Toyota
90%
Mitsubishi
87%
Subaru
86%
Infiniti
71%
Acura
59%
Daihatsu
52%
Datsun
29%
Scion
24%
Mitsuoka
5%
Nie znaleziono quizów pasujących do podanych kryteriów
Rozkład punktacji
Procent ludzi z każdym wynikiem
Percentyl według liczby udzielonych odpowiedzi
Twoja historia wyników
Nie rozwiązałeś tego quizu